000 00560nam a2200181Ia 4500
008 100917s9999 xx 000 0 und d
082 _b14580
100 _aभिडे भि. गो.
245 _aदिव्याखाली अंधार भा. 1
260 _b---
_c1923
300 _a233
365 _b2
520 _aकादंबरी
630 _aदिव्याखाली अंधार भा. 1
650 _aकादंबरी
730 _aदिव्याखाली अंधार भा. 1
942 _cBOOK
999 _c619974
_d619971